000 00996nam a2200193 a 4500
001 000026220
005 20200930024414.0
008 110307s1953 dr 000 0 spa d
040 _aDO-SdBNP
_bspa
_cBNPHU
100 1 _aPrice-Mars, Jean,
_d1876-1969.
_952118
245 1 3 _aLa República de Haití y la República Dominicana :
_bdiversos aspectos de un problema histórico, geográfico y etnológico /
_cJean Price Mars.
250 _a4. ed. facsim. de la 3ra. versión en español
260 _aPuerto Principe :
_bIndustria gráficas España,
_c1953.
300 _av. ;
_c23 cm.
490 1 _aTercer cincuentenario de la Independencia de Haití
505 2 _tLas negociacioes dominicanas con las potencias extrageras.
_tLa entrada en escena de Los Estados Unidos de Norteamérica
_tEl gobierno de Fabre Nicolás Geffrad ante el problema dominicano
_tLa nueva República Dominicana y la lucha de facciones
830 0 _aTercer cincuentenario de la Independencia de Haití
_953244
049 _aBNPD
999 _c25712
_d25712